Missing Word: American Idol Judges Quiz Stats

Quiz Updated Feb 20, 2016

Challenge
Share
Tweet
Embed
Score 0/30 Timer 04:00
0 Plays Today
Missing Word Song % Correct
Paula AbdulOpposites
86.4%
Steve Tyler*Walk
83%
Jennifer LopezBlock
79.4%
Steve Tyler*Miss
77.8%
Steve Tyler*Dude
77.6%
Mariah CareyBelong
71.4%
Steve Tyler*Dream
71.1%
Paula AbdulUp
70.8%
Steve Tyler*Emotion
48.8%
Mariah CareyAlways
48.4%
Mariah CareyTouch
45%
Paula AbdulForever
41.3%
Nicki MinajBass
39.9%
Keith UrbanThink
38%
Keith UrbanDays
38%
Missing Word Song % Correct
Paula AbdulRush
35.8%
Nicki MinajLove
32.3%
Paula AbdulReal
31.7%
Mariah CareySweet
31%
Jennifer LopezWaiting
28.5%
Mariah CareyVision
24.2%
Jennifer LopezFloor
20.7%
Keith UrbanKiss
20.2%
Jennifer LopezInto
17.4%
Keith UrbanSomebody
17.3%
Nicki MinajAlarm
16.1%
Jennifer LopezLoud
13.5%
Nicki MinajPotions
13.4%
Keith UrbanUs
11%
Nicki MinajMoment
10.4%

Today's Daily Dose

Word Ladder
'90s Movies

Quick Pick
'Fire' Movies

On This Day
June 19th II

You're not logged in!

Compare scores with friends on all Sporcle quizzes.
Join for Free
OR
Log In

You Might Also Like...

Show Comments

Extras

Top Quizzes Today


Score Distribution

Your Account Isn't Verified!

In order to create a playlist on Sporcle, you need to verify the email address you used during registration. Go to your Sporcle Settings to finish the process.

Report this User

Report this user for behavior that violates our Community Guidelines.

Details: